Vida de Eça de Queiroz / (Record no. 140342)
[ view plain ]
| 000 -LEADER | |
|---|---|
| campo de control de longitud fija | 00567nam a2200181 i 4500 |
| 001 - NÚMERO DE CONTROL | |
| campo de control | 140342 |
| 003 - IDENTIFICADOR DE NÚMERO DE CONTROL | |
| campo de control | ES-MaACL |
| 005 - FECHA Y HORA DE LA ÚLTIMA TRANSACCIÓN | |
| campo de control | 20240516205237.0 |
| 007 - CAMPO FIJO DE DESCRIPCIÓN FÍSICA--INFORMACIÓN GENERAL | |
| campo de control de longitud fija | t| |
| 008 - DATOS DE LONGITUD FIJA--INFORMACIÓN GENERAL | |
| campo de control de longitud fija | 070214s1945 sp r ||||1| spa d |
| 100 1# - ENTRADA PRINCIPAL--NOMBRE DE PERSONA | |
| Nombre de persona | Segura Otaño, Enrique. |
| 9 (RLIN) | 105204 |
| 245 10 - MENCIÓN DEL TÍTULO | |
| Título | Vida de Eça de Queiroz / |
| Mención de responsabilidad, etc. | por Enrique Segura. |
| 260 ## - PUBLICACIÓN, DISTRIBUCIÓN, ETC. | |
| Lugar de publicación, distribución, etc. | Madrid : |
| Nombre del editor, distribuidor, etc. | [s. n.], |
| Fecha de publicación, distribución, etc. | 1945 ( |
| Lugar de fabricación/manufactura | Badajoz : |
| Fabricante | Imp. de la Excma. Diputación Provincial) |
| 300 ## - DESCRIPCIÓN FÍSICA | |
| Extensión | 213 p. ; |
| Dimensiones | 22 cm. |
| 600 14 - PUNTO DE ACCESO ADICIONAL DE MATERIA--NOMBRE DE PERSONA | |
| Nombre de persona | Queirós, Eça de, |
| Fechas asociadas al nombre | 1845-1900 |
| 9 (RLIN) | 94499 |
| 852 ## - LOCALIZACIÓN | |
| Ubicación | ES-MaACL |
| Número de control de estantería | E-2165 |
| Sublocalización o colección | R.21874 |
| Estatus retirado | Estado de pérdida | Estado de daño | No para préstamo | Biblioteca de origen | Biblioteca actual | Ubicación en estantería | Fecha de adquisición | Fuente de adquisición | Total de préstamos | Signatura topográfica completa | Código de barras | Visto por última vez | Precio de reemplazo | Tipo de ítem Koha |
|---|---|---|---|---|---|---|---|---|---|---|---|---|---|---|
| Biblioteca del Ateneo de Madrid | Biblioteca del Ateneo de Madrid | Depósito 2 | 17/01/2008 | E-2165 | 1146041 | 23/02/2023 | 23/02/2023 | Libro impreso |
